[Event "Pobeskydy Alpress 15th"]
[Site "Frydek Mistek"]
[Date "2004.04.10"]
[Round "5"]
[White "Cech, Tomas"]
[Black "Roubalik, Jakub"]
[Result "1/2-1/2"]
[WhiteElo "2194"]
[BlackElo "2047"]
[PlyCount "97"]
[EventDate "2004.04.08"]
[EventType "swiss"]
[EventRounds "9"]
[EventCountry "CZE"]
[SourceTitle "EXT 2006"]
[Source "ChessBase"]
[SourceDate "2005.11.24"]
[SourceVersion "1"]
[SourceVersionDate "2005.11.24"]
[SourceQuality "1"]

1. d4 d5 2. Nf3 Nf6 3. c4 c6 4. e3 Bf5 5. Nc3 e6 6. Nh4 Bg6 7. Nxg6 hxg6 8. Bd3 Qc7 9. f4 Bd6 10. Bd2 Nbd7 11. Rc1 a6 12. Qf3 Rc8 13. c5 Be7 14. Na4 Ng8 15. h3 Nh6 16. g4 Qb8 17. h4 b5 18. Nc3 a5 19. g5 Nf5 20. h5 Qb7 21. hxg6 Rxh1+ 22. Qxh1 fxg6 23. Kf2 Kf7 24. Qh3 Qb8 25. Rh1 b4 26. Ne2 Rf8 27. Ng3 Qc7 28. Qh7 Rg8 29. Qh3 Qb8 30. Kg2 Qc7 31. Ne2 Nb8 32. Ng1 Nd7 33. Nf3 Qb8 34. Kf2 Qc7 35. Qh7 Rd8 36. Qh3 Qb8 37. Rh2 Qc7 38. Qf1 Rg8 39. Qh1 Qb8 40. Rh7 Qc7 41. Qh3 Qb8 42. Bc1 Qd8 43. Nh4 Nxh4 44. Rxh4 Nf8 45. Bd2 Qa8 46. Qg4 Qb8 47. Rh1 Qc8 48. Rh3 Qd7 49. Rh1 1/2-1/2